Как хорошо вы знаете французские числительные? (французский в число) - Statistics

General Stats
  • This quiz has been taken 283 times
  • The average score is 11 of 20
Answer Stats
Числительное Цифрами % Correct
vingt-six 26
92%
soixante-huit 68
88%
vingt-quatre 24
86%
onze 11
82%
cinquante-huit 58
82%
six 6
82%
douze 12
80%
vingt-sept 27
80%
sept cent soixante-quatre 764
80%
cinquante-quatre 54
79%
six cent soixante-deux 662
79%
sept mille six cent vingt-neuf 7629
78%
quatre-vingt-quinze 95
78%
soixante-dix 70
77%
seize 16
75%
trente-quatre 34
75%
cinquante-deux 52
75%
quatre-vingt-dix-sept 97
75%
dix-neuf 19
73%
trois 3
73%
trente-cinq 35
73%
cinquante 50
73%
un 1
71%
dix-sept 17
71%
deux 2
71%
trente-deux 32
71%
quarante-cinq 45
71%
soixante 60
70%
quatre-vingt-deux 82
70%
dix 10
69%
vingt-cinq 25
69%
quarante-quatre 44
69%
cinquante-six 56
69%
soixante-dix-sept 77
69%
neuf cent quatre 904
69%
trente-trois 33
68%
cent cinquante-trois 153
67%
vingt-huit 28
67%
trois cent cinquante-huit 358
67%
quatre cent trente-deux 432
67%
soixante-quatre 64
67%
soixante-neuf 69
67%
sept cent huit 708
67%
sept cent trente-trois 733
67%
neuf 9
67%
neuf cent trente-six 936
67%
quatre-vingt-dix-huit 98
67%
quatre-vingt-dix-neuf 99
67%
trente-six 36
65%
quarante 40
65%
neuf cent trois 903
65%
zero 0
64%
cent soixante-dix-sept 177
64%
vingt-neuf 29
64%
cinquante-sept 57
64%
soixante-trois 63
64%
soixante-seize 76
64%
neuf mille quatre cent quarante-huit 9448
64%
deux cent vingt-huit 228
63%
trente-huit 38
63%
quatre cent vingt-cinq 425
63%
cinq cent neuf 509
63%
soixante-six 66
63%
sept 7
63%
neuf cent quatre-vingt-sept 987
63%
vingt-deux 22
62%
cinquante-et-un 51
62%
soixante-deux 62
62%
quatre-vingt-trois 83
62%
trois cent seize 316
61%
quinze 15
60%
quarante-sept 47
60%
quarante-huit 48
60%
quarante-neuf 49
60%
cinq mille trois cents 5300
60%
huit cent onze 811
60%
neuf cent soixante-dix-huit 978
60%
quarante-trois 43
59%
treize 13
58%
quatre cent deux 402
58%
quarante-et-un 41
58%
cinq cent quarante-six 546
58%
six cent soixante-douze 672
58%
huit 8
58%
quatre-vingt-quatorze 94
58%
quarante-deux 42
57%
cinquante-cinq 55
57%
six mille trois cent quarante-trois 6343
57%
soixante-sept 67
57%
quatre-vingt 80
57%
huit cent cinquante-cinq 855
57%
deux cent quatre-vingt-trois 283
56%
trois cent soixante-cinq 365
56%
trente-neuf 39
56%
quatre cent quarante-quatre 444
56%
cinq 5
56%
soixante-quinze 75
56%
trente 30
55%
trois mille sept cent soixante-dix 3770
55%
soixante-onze 71
55%
cinq cent soixante-et-un 561
54%
soixante-cinq 65
54%
sept cent quatre-vingt-seize 796
54%
huit cent cinquante-six 856
54%
quatorze 14
53%
trois cent soixante-dix-neuf 379
53%
trois mille huit cent quatre-vingt-quatorze 3894
53%
quatre cent cinquante-sept 457
53%
cinq cent douze 512
53%
six mille cent quatre-vingt-dix 6190
53%
cent treize 113
50%
mille sept cent vingt-sept 1727
50%
dix-huit 18
50%
deux mille six cent trente-neuf 2639
50%
deux cent soixante-neuf 269
50%
trois mille deux cent dix 3210
50%
trois mille sept cent cinquante 3750
50%
trois cent quatre-vingt-dix-sept 397
50%
quatre 4
50%
quatre mille deux cent cinquante-neuf 4259
50%
quatre cent soixante-huit 468
50%
cinq mille trente-sept 5037
50%
cinquante-trois 53
50%
six cent cinquante-et-un 651
50%
soixante-quatorze 74
50%
soixante-dix-neuf 79
50%
huit cent quarante-sept 847
50%
huit cent quatre-vingt 880
50%
quatre-vingt-neuf 89
50%
quatre-vingt-onze 91
50%
quatre-vingt-douze 92
50%
cent trente-quatre 134
47%
cent quatre-vingt-onze 191
47%
vingt-trois 23
47%
cinq cent vingt-quatre 524
47%
cinq cent quatre-vingt-deux 582
47%
neuf mille cent soixante-quatorze 9174
47%
cinq mille six cent soixante-seize 5676
46%
cinquante-neuf 59
46%
six cent quatre-vingt-treize 693
46%
huit cent quatre-vingt-neuf 889
46%
quatre mille neuf cent quatre-vingt-un 4981
45%
quatre-vingt-un 81
45%
huit mille deux cent vingt 8220
45%
cent quarante-neuf 149
44%
soixante-dix-huit 78
44%
quatre-vingt-quatre 84
44%
neuf mille trente-et-un 9031
44%
deux cent quinze 215
43%
trois mille huit cent vingt-six 3826
43%
quatre mille quatre cent quatorze 4414
43%
cinq cent soixante-sept 567
43%
soixante-et-un 61
43%
sept cent vingt-et-un 721
43%
quatre-vingt-dix 90
43%
trois cent cinquante-quatre 354
42%
vingt 20
40%
trente-sept 37
40%
cinq cent sept 507
40%
six mille cent quatre-vingt-quatre 6184
40%
six cent trente 630
40%
huit cent cinq 805
40%
quatre-vingt-treize 93
40%
sept cent quarante 740
39%
vingt-et-un 21
38%
quatre cent un 401
38%
six cent quatre-vingt-dix-huit 698
38%
quatre-vingt-cinq 85
38%
neuf cent vingt-deux 922
38%
trente-et-un 31
36%
trois cent cinquante-deux 352
36%
quatre cent trente-cinq 435
36%
cinq cent quatre-vingt-dix-neuf 599
36%
soixante-treize 73
36%
huit cent dix-neuf 819
36%
six mille six cent soixante-trois 6663
35%
soixante-douze 72
35%
deux mille cent vingt-trois 2123
33%
deux mille huit cent dix-sept 2817
33%
trois mille sept cent trente-huit 3738
33%
quatre mille six cent quarante-deux 4642
33%
six mille six cent dix-huit 6618
33%
sept cent quatre-vingt-huit 788
33%
sept mille huit cent quatre-vingt-cinq 7885
33%
quatre-vingt-six 86
33%
quatre-vingt-huit 88
33%
cinq mille huit cent soixante-onze 5871
32%
deux cent quarante-et-un 241
31%
deux cent quatre-vingt-douze 292
31%
quatre cent quatre-vingt-six 486
31%
huit cent quarante-cinq 845
31%
six mille sept cent six 6706
30%
trois cent soixante-quinze 375
29%
neuf mille cinq cent soixante-six 9566
29%
quarante-six 46
27%
cinq cent soixante-treize 573
27%
quatre-vingt-sept 87
27%
quatre-vingt-seize 96
27%
cent soixante 160
25%
cent quatre-vingt-quinze 195
25%
No matching quizzes found
Score Distribution
Percent of People with Each Score
Percentile by Number Answered
Your Score History
You have not taken this quiz